[Event "World Chess Olympiad 2018"]
[Site "Batumi"]
[Date "2018.10.02"]
[Round "8"]
[Board "3"]
[WhiteFideId "6405096"]
[White "Guzman Christopher"]
[BlackFideId "5500460"]
[Black "Boudriga Mohamed Ali"]
[Result "1-0"]
[LiveChessVersion "1.4.8"]
[BlackElo "2376"]
[WhiteElo "2283"]

1. e4 {[%clk 1:27:32]} c5 {[%clk 1:22:35]} 2. Ne2 {[%clk 1:25:58]} Nc6
{[%clk 1:19:02]} 3. d4 {[%clk 1:22:10]} cxd4 {[%clk 1:19:31]} 4. Nxd4
{[%clk 1:22:27]} g6 {[%clk 1:19:59]} 5. c4 {[%clk 1:20:58]} Bg7 {[%clk 1:19:03]}
6. Be3 {[%clk 1:18:31]} d6 {[%clk 1:18:11]} 7. Nc3 {[%clk 1:17:03]} Nh6
{[%clk 1:04:49]} 8. Be2 {[%clk 1:16:08]} O-O {[%clk 1:04:24]} 9. Qd2
{[%clk 1:12:19]} Nxd4 {[%clk 0:56:19]} 10. Bxd4 {[%clk 1:12:36]} Bxd4
{[%clk 0:55:35]} 11. Qxd4 {[%clk 1:12:52]} f5 {[%clk 0:56:00]} 12. h4
{[%clk 1:05:34]} Qa5 {[%clk 0:34:35]} 13. h5 {[%clk 0:55:13]} g5 {[%clk 0:35:01]}
14. exf5 {[%clk 0:54:06]} Qxf5 {[%clk 0:32:08]} 15. Nd5 {[%clk 0:54:16]} Rf7
{[%clk 0:30:29]} 16. Qe3 {[%clk 0:52:14]} Kf8 {[%clk 0:25:33]} 17. f3
{[%clk 0:44:53]} Bd7 {[%clk 0:09:55]} 18. O-O-O {[%clk 0:39:51]} Rc8
{[%clk 0:04:25]} 19. Qxa7 {[%clk 0:38:11]} Bc6 {[%clk 0:04:36]} 20. Bd3
{[%clk 0:33:29]} Qe5 {[%clk 0:04:40]} 21. Rhe1 {[%clk 0:33:39]} Qg3
{[%clk 0:04:39]} 22. Qd4 {[%clk 0:34:03]} e5 {[%clk 0:04:29]} 23. Qe4
{[%clk 0:33:38]} Ng8 {[%clk 0:01:52]} 24. Bc2 {[%clk 0:32:42]} Nf6
{[%clk 0:01:48]} 25. Qf5 {[%clk 0:31:37]} Nxd5 {[%clk 0:02:00]} 26. Qxc8+
{[%clk 0:32:03]} Kg7 {[%clk 0:01:02]} 27. cxd5 {[%clk 0:32:20]} Bxd5
{[%clk 0:01:06]} 28. h6+ {[%clk 0:32:41]} 1-0

[Event "World Chess Olympiad 2018"]
[Site "Batumi"]
[Date "2018.10.02"]
[Round "8"]
[Board "4"]
[WhiteFideId "5501733"]
[White "Bouzidi Ahmed"]
[BlackFideId "6408885"]
[Black "Camacho Campusano David Daniel"]
[Result "0-1"]
[LiveChessVersion "1.4.8"]
[BlackElo "2140"]
[WhiteElo "2246"]

1. e4 {[%clk 1:30:57]} e5 {[%clk 1:29:13]} 2. Nf3 {[%clk 1:31:20]} Nc6
{[%clk 1:29:31]} 3. Bb5 {[%clk 1:31:05]} f5 {[%clk 1:29:24]} 4. d3
{[%clk 1:28:50]} fxe4 {[%clk 1:29:39]} 5. dxe4 {[%clk 1:29:09]} Nf6
{[%clk 1:29:51]} 6. Bg5 {[%clk 1:27:44]} Bb4+ {[%clk 1:27:30]} 7. Nbd2
{[%clk 1:23:08]} Bxd2+ {[%clk 1:22:30]} 8. Nxd2 {[%clk 1:18:58]} O-O
{[%clk 1:22:23]} 9. c3 {[%clk 1:12:40]} Qe8 {[%clk 1:18:55]} 10. Bh4
{[%clk 0:59:49]} Qg6 {[%clk 1:14:13]} 11. Bg3 {[%clk 0:59:42]} d6
{[%clk 1:13:21]} 12. Qe2 {[%clk 0:58:42]} Be6 {[%clk 1:12:31]} 13. Bc4
{[%clk 0:51:35]} Nd8 {[%clk 1:05:25]} 14. O-O-O {[%clk 0:51:16]} Qf7
{[%clk 1:03:13]} 15. f3 {[%clk 0:36:01]} Bxc4 {[%clk 0:56:13]} 16. Qxc4
{[%clk 0:36:11]} Ne6 {[%clk 0:56:02]} 17. Kb1 {[%clk 0:28:47]} Nh5
{[%clk 0:49:05]} 18. Nf1 {[%clk 0:26:34]} Nef4 {[%clk 0:36:42]} 19. Qxf7+
{[%clk 0:26:36]} Rxf7 {[%clk 0:37:07]} 20. Ne3 {[%clk 0:26:45]} g6
{[%clk 0:35:50]} 21. Rd2 {[%clk 0:25:20]} Kg7 {[%clk 0:27:45]} 22. a4
{[%clk 0:21:27]} a5 {[%clk 0:27:18]} 23. Kc2 {[%clk 0:21:35]} Ne6
{[%clk 0:26:30]} 24. Nd5 {[%clk 0:21:00]} Nhf4 {[%clk 0:25:40]} 25. Nxf4
{[%clk 0:20:17]} Nxf4 {[%clk 0:24:40]} 26. Ra1 {[%clk 0:20:16]} g5
{[%clk 0:24:19]} 27. b4 {[%clk 0:16:44]} h5 {[%clk 0:20:29]} 28. h3
{[%clk 0:14:06]} b6 {[%clk 0:16:31]} 29. Kb3 {[%clk 0:13:38]} Kf6
{[%clk 0:13:23]} 30. h4 {[%clk 0:07:49]} Rg7 {[%clk 0:09:41]} 31. Rh1
{[%clk 0:06:14]} Ke6 {[%clk 0:06:04]} 32. hxg5 {[%clk 0:05:53]} Rxg5
{[%clk 0:05:50]} 33. Bxf4 {[%clk 0:06:17]} exf4 {[%clk 0:05:55]} 34. Rh4
{[%clk 0:06:45]} Rf8 {[%clk 0:03:54]} 35. bxa5 {[%clk 0:03:57]} bxa5
{[%clk 0:03:08]} 36. Rd5 {[%clk 0:03:35]} Rxg2 {[%clk 0:02:09]} 37. Rhxh5
{[%clk 0:03:34]} Rf2 {[%clk 0:01:33]} 38. Rd3 {[%clk 0:03:29]} Rg8
{[%clk 0:00:52]} 39. Rf5 {[%clk 0:03:33]} Rf1 {[%clk 0:00:54]} 40. Rxf4
{[%clk 0:33:22]} Rb8+ {[%clk 0:31:13]} 41. Kc4 {[%clk 0:25:45]} Ra1
{[%clk 0:29:53]} 42. Rd5 {[%clk 0:21:58]} Rxa4+ {[%clk 0:30:00]} 43. Kd3
{[%clk 0:22:23]} Ra3 {[%clk 0:29:13]} 44. Rd4 {[%clk 0:19:22]} Rbb3
{[%clk 0:27:04]} 45. Rc4 {[%clk 0:19:27]} c5 {[%clk 0:26:43]} 46. Rf8
{[%clk 0:19:00]} Ra2 {[%clk 0:25:47]} 47. Re8+ {[%clk 0:17:34]} Kd7
{[%clk 0:26:07]} 48. Ra8 {[%clk 0:17:34]} Rbb2 {[%clk 0:24:48]} 49. Ke3
{[%clk 0:15:42]} Kc6 {[%clk 0:24:22]} 50. e5 {[%clk 0:13:38]} Re2+
{[%clk 0:24:39]} 51. Kf4 {[%clk 0:13:36]} Rxe5 {[%clk 0:24:55]} 52. Kg3
{[%clk 0:13:13]} Re3 {[%clk 0:24:23]} 53. Kf4 {[%clk 0:12:07]} Rd3
{[%clk 0:24:37]} 54. Rb8 {[%clk 0:09:47]} Rf2 {[%clk 0:23:29]} 55. Rb3
{[%clk 0:06:57]} Rfxf3+ {[%clk 0:23:28]} 56. Kg4 {[%clk 0:07:20]} Kd5
{[%clk 0:22:09]} 57. Ra4 {[%clk 0:05:48]} Rg3+ {[%clk 0:22:22]} 58. Kh4
{[%clk 0:05:24]} Rxc3 {[%clk 0:22:31]} 59. Rb6 {[%clk 0:04:10]} Ra3
{[%clk 0:22:35]} 60. Rf4 {[%clk 0:04:00]} Rh3+ {[%clk 0:22:48]} 61. Kg5
{[%clk 0:04:19]} Rag3+ {[%clk 0:22:48]} 62. Kf6 {[%clk 0:04:42]} Rf3
{[%clk 0:23:01]} 63. Rxf3 {[%clk 0:05:05]} Rxf3+ {[%clk 0:23:15]} 64. Ke7
{[%clk 0:05:22]} Re3+ {[%clk 0:22:11]} 65. Kd7 {[%clk 0:05:47]} Re6
{[%clk 0:22:25]} 66. Ra6 {[%clk 0:06:11]} Rh6 {[%clk 0:22:40]} 67. Kc7
{[%clk 0:06:34]} c4 {[%clk 0:22:21]} 68. Kb6 {[%clk 0:05:41]} c3 {[%clk 0:22:26]}
69. Kb5 {[%clk 0:05:14]} Rh1 {[%clk 0:21:07]} 0-1

[Event "World Chess Olympiad 2018"]
[Site "Batumi"]
[Date "2018.10.02"]
[Round "8"]
[Board "1"]
[WhiteFideId "13800574"]
[White "Tologontegin Semetey"]
[BlackFideId "2300117"]
[Black "Steingrimsson Hedinn"]
[Result "0-1"]
[LiveChessVersion "1.4.8"]
[BlackElo "2573"]
[WhiteElo "2419"]

1. d4 {[%clk 1:30:59]} Nf6 {[%clk 1:27:58]} 2. Nf3 {[%clk 1:30:14]} d5
{[%clk 1:28:14]} 3. Bf4 {[%clk 1:30:36]} c5 {[%clk 1:28:07]} 4. e3
{[%clk 1:30:50]} Nc6 {[%clk 1:27:18]} 5. c3 {[%clk 1:30:38]} Qb6 {[%clk 1:27:15]}
6. Qc2 {[%clk 1:15:36]} Bg4 {[%clk 1:19:35]} 7. Nbd2 {[%clk 1:15:33]} e6
{[%clk 1:19:45]} 8. h3 {[%clk 1:13:17]} Bf5 {[%clk 1:13:14]} 9. Qb3
{[%clk 1:13:39]} c4 {[%clk 1:12:27]} 10. Qxb6 {[%clk 1:14:01]} axb6
{[%clk 1:12:55]} 11. a3 {[%clk 1:14:19]} b5 {[%clk 1:11:30]} 12. Rc1
{[%clk 1:14:29]} h6 {[%clk 1:11:46]} 13. Be2 {[%clk 1:14:22]} Be7
{[%clk 1:09:08]} 14. Bd1 {[%clk 1:11:29]} g5 {[%clk 1:00:19]} 15. Bg3
{[%clk 1:04:28]} Nd7 {[%clk 0:55:43]} 16. O-O {[%clk 1:04:12]} Bd3
{[%clk 0:49:30]} 17. Re1 {[%clk 1:04:26]} f5 {[%clk 0:49:05]} 18. Bc2
{[%clk 1:04:08]} Bxc2 {[%clk 0:48:58]} 19. Rxc2 {[%clk 1:04:33]} h5
{[%clk 0:47:43]} 20. h4 {[%clk 1:03:20]} g4 {[%clk 0:46:51]} 21. Ng5
{[%clk 0:58:04]} Bxg5 {[%clk 0:39:15]} 22. hxg5 {[%clk 0:50:22]} Kf7
{[%clk 0:38:43]} 23. f3 {[%clk 0:45:51]} h4 {[%clk 0:32:36]} 24. Bd6
{[%clk 0:44:16]} Ra6 {[%clk 0:31:59]} 25. Bb4 {[%clk 0:32:53]} e5
{[%clk 0:23:42]} 26. f4 {[%clk 0:30:18]} e4 {[%clk 0:23:30]} 27. Kf2
{[%clk 0:16:47]} Nb6 {[%clk 0:20:45]} 28. Rh1 {[%clk 0:16:57]} Na4
{[%clk 0:20:11]} 29. Nb1 {[%clk 0:17:16]} Raa8 {[%clk 0:19:19]} 30. Ke2
{[%clk 0:15:45]} Kg6 {[%clk 0:18:07]} 31. Kd1 {[%clk 0:15:51]} Rh7
{[%clk 0:15:10]} 32. Re2 {[%clk 0:15:37]} Nd8 {[%clk 0:07:31]} 33. Kc2
{[%clk 0:14:36]} Ne6 {[%clk 0:07:52]} 34. Nd2 {[%clk 0:12:06]} Ng7
{[%clk 0:07:35]} 35. Ree1 {[%clk 0:11:56]} Rah8 {[%clk 0:07:10]} 36. Nf1
{[%clk 0:12:10]} Ne6 {[%clk 0:05:51]} 37. Rh2 {[%clk 0:11:30]} Rh5
{[%clk 0:04:57]} 38. Nd2 {[%clk 0:10:44]} h3 {[%clk 0:03:40]} 39. g3
{[%clk 0:10:54]} R5h7 {[%clk 0:03:53]} 40. Nf1 {[%clk 0:40:26]} Rd7
{[%clk 0:33:13]} 41. Rb1 {[%clk 0:37:57]} b6 {[%clk 0:28:19]} 42. Rd1
{[%clk 0:35:29]} Kf7 {[%clk 0:24:06]} 43. Rhd2 {[%clk 0:33:50]} Nd8
{[%clk 0:21:17]} 44. Rh2 {[%clk 0:33:34]} Ke6 {[%clk 0:21:29]} 45. Kc1
{[%clk 0:32:10]} Rdh7 {[%clk 0:21:17]} 46. Kc2 {[%clk 0:32:25]} Nb7
{[%clk 0:21:38]} 47. Kc1 {[%clk 0:32:25]} Ra8 {[%clk 0:19:42]} 48. Kc2
{[%clk 0:32:24]} Nbc5 {[%clk 0:17:46]} 49. dxc5 {[%clk 0:31:44]} bxc5
{[%clk 0:18:15]} 50. Ra1 {[%clk 0:27:04]} Rha7 {[%clk 0:16:11]} 51. Rd2
{[%clk 0:18:08]} Kd6 {[%clk 0:13:31]} 52. Rb1 {[%clk 0:15:25]} cxb4
{[%clk 0:12:26]} 53. axb4 {[%clk 0:15:52]} Nb6 {[%clk 0:12:49]} 54. Nh2
{[%clk 0:15:15]} Ra2 {[%clk 0:13:08]} 55. Rbd1 {[%clk 0:14:23]} Ke6
{[%clk 0:11:27]} 56. Nf1 {[%clk 0:12:13]} R8a3 {[%clk 0:10:37]} 57. Kb1
{[%clk 0:11:01]} Ra7 {[%clk 0:09:49]} 58. Kc2 {[%clk 0:11:18]} Ra8
{[%clk 0:08:19]} 59. Kb1 {[%clk 0:08:18]} R2a7 {[%clk 0:07:41]} 60. Kc2
{[%clk 0:08:34]} Rh8 {[%clk 0:07:45]} 61. Nh2 {[%clk 0:07:59]} Rd8
{[%clk 0:06:31]} 62. Rd4 {[%clk 0:08:07]} Ra2 {[%clk 0:06:20]} 63. Nf1
{[%clk 0:05:02]} Na4 {[%clk 0:06:10]} 64. Rb1 {[%clk 0:05:27]} Ra8
{[%clk 0:06:07]} 65. Rd2 {[%clk 0:05:11]} Ra7 {[%clk 0:06:03]} 66. Nh2
{[%clk 0:05:11]} Nb6 {[%clk 0:06:31]} 67. Rbd1 {[%clk 0:04:31]} R7a3
{[%clk 0:05:56]} 68. Kb1 {[%clk 0:04:44]} Ra8 {[%clk 0:05:42]} 69. Kc2
{[%clk 0:04:13]} Na4 {[%clk 0:05:07]} 70. Rb1 {[%clk 0:04:10]} Rh8
{[%clk 0:05:04]} 71. Rdd1 {[%clk 0:04:05]} Rh7 {[%clk 0:05:07]} 72. Rd2
{[%clk 0:04:19]} Ra7 {[%clk 0:05:23]} 73. Nf1 {[%clk 0:04:14]} Ra6
{[%clk 0:05:28]} 74. Nh2 {[%clk 0:04:31]} Nb6 {[%clk 0:05:53]} 75. Rbd1
{[%clk 0:04:52]} R6a3 {[%clk 0:05:32]} 76. Kb1 {[%clk 0:04:58]} Ra1+
{[%clk 0:05:42]} 77. Kc2 {[%clk 0:05:23]} R3a2 {[%clk 0:06:08]} 78. Rxa1
{[%clk 0:01:13]} Rxa1 {[%clk 0:06:34]} 79. Rd1 {[%clk 0:01:41]} Rxd1
{[%clk 0:03:35]} 80. Kxd1 {[%clk 0:02:07]} d4 {[%clk 0:02:51]} 81. exd4
{[%clk 0:01:33]} Nd5 {[%clk 0:03:20]} 82. Kd2 {[%clk 0:00:32]} Nxf4
{[%clk 0:02:59]} 83. Nf1 {[%clk 0:00:43]} Nd5 {[%clk 0:02:53]} 84. Ke2
{[%clk 0:00:58]} Kf7 {[%clk 0:03:04]} 0-1

[Event "World Chess Olympiad 2018"]
[Site "Batumi"]
[Date "2018.10.02"]
[Round "8"]
[Board "2"]
[WhiteFideId "2300044"]
[White "Hjartarson Johann"]
[BlackFideId "13801163"]
[Black "Taalaibekov Tagir"]
[Result "1-0"]
[LiveChessVersion "1.4.8"]
[BlackElo "2291"]
[WhiteElo "2530"]

1. e4 {[%clk 1:30:56]} d6 {[%clk 1:30:49]} 2. d4 {[%clk 1:31:17]} Nf6
{[%clk 1:31:16]} 3. Nc3 {[%clk 1:31:41]} Nbd7 {[%clk 1:31:43]} 4. Nf3
{[%clk 1:31:22]} e5 {[%clk 1:32:05]} 5. Bc4 {[%clk 1:31:34]} Be7 {[%clk 1:32:32]}
6. O-O {[%clk 1:31:53]} O-O {[%clk 1:32:57]} 7. a4 {[%clk 1:31:47]} c6
{[%clk 1:33:21]} 8. Ba2 {[%clk 1:32:02]} exd4 {[%clk 1:29:46]} 9. Nxd4
{[%clk 1:32:17]} Ne5 {[%clk 1:30:12]} 10. f4 {[%clk 1:27:43]} Ng6
{[%clk 1:30:18]} 11. Kh1 {[%clk 1:23:12]} Re8 {[%clk 1:30:11]} 12. Qd3
{[%clk 1:20:00]} Qc7 {[%clk 1:29:27]} 13. Be3 {[%clk 1:16:56]} a5
{[%clk 1:28:04]} 14. Rae1 {[%clk 1:14:51]} Bf8 {[%clk 1:22:59]} 15. Nf5
{[%clk 0:49:29]} b6 {[%clk 1:10:46]} 16. Bd4 {[%clk 0:47:04]} d5 {[%clk 1:03:26]}
17. Bxf6 {[%clk 0:41:06]} Ba6 {[%clk 0:38:29]} 18. Qd4 {[%clk 0:31:27]} Bc5
{[%clk 0:31:48]} 19. Qd1 {[%clk 0:28:31]} gxf6 {[%clk 0:16:14]} 20. Rf3
{[%clk 0:28:35]} Bc8 {[%clk 0:10:24]} 21. g4 {[%clk 0:20:05]} Be6
{[%clk 0:07:28]} 22. exd5 {[%clk 0:17:52]} cxd5 {[%clk 0:04:59]} 23. Bxd5
{[%clk 0:13:12]} Rad8 {[%clk 0:04:20]} 24. Ne4 {[%clk 0:12:51]} Be7
{[%clk 0:01:45]} 25. c4 {[%clk 0:11:22]} Qd7 {[%clk 0:01:40]} 26. Ne3
{[%clk 0:09:30]} Bxg4 {[%clk 0:01:12]} 27. Nxg4 {[%clk 0:09:42]} Qxg4
{[%clk 0:01:34]} 28. f5 {[%clk 0:09:30]} Kg7 {[%clk 0:00:41]} 29. Nf2
{[%clk 0:07:28]} Qh4 {[%clk 0:00:38]} 30. fxg6 {[%clk 0:06:09]} hxg6
{[%clk 0:00:44]} 31. Re4 {[%clk 0:05:20]} Qh6 {[%clk 0:00:36]} 32. Rh3
{[%clk 0:04:36]} Qg5 {[%clk 0:00:58]} 33. Rg3 {[%clk 0:04:19]} Qf5
{[%clk 0:01:08]} 34. Qe2 {[%clk 0:04:17]} Bd6 {[%clk 0:00:44]} 35. Rxe8
{[%clk 0:04:21]} Rxe8 {[%clk 0:00:43]} 36. Qxe8 {[%clk 0:04:42]} Bxg3
{[%clk 0:00:37]} 37. Qxf7+ {[%clk 0:04:58]} Kh6 {[%clk 0:01:06]} 38. Qf8+
{[%clk 0:04:11]} Kh5 {[%clk 0:01:15]} 39. Qh8+ {[%clk 0:03:54]} Kg5
{[%clk 0:01:37]} 40. Ne4+ {[%clk 0:34:05]} Kg4 {[%clk 0:30:59]} 41. Nxf6+
{[%clk 0:33:49]} Kg5 {[%clk 0:22:53]} 42. Ne4+ {[%clk 0:33:44]} Kg4
{[%clk 0:23:09]} 43. h3+ {[%clk 0:33:32]} Kf4 {[%clk 0:14:41]} 44. Qb8+
{[%clk 0:33:48]} 1-0

[Event "World Chess Olympiad 2018"]
[Site "Batumi"]
[Date "2018.10.02"]
[Round "8"]
[Board "3"]
[WhiteFideId "13800337"]
[White "Abdyjapar Asyl"]
[BlackFideId "2300087"]
[Black "Stefansson Hannes"]
[Result "1-0"]
[LiveChessVersion "1.4.8"]
[BlackElo "2502"]
[WhiteElo "2372"]

1. d4 {[%clk 1:30:58]} Nf6 {[%clk 1:30:47]} 2. c4 {[%clk 1:31:23]} e6
{[%clk 1:31:08]} 3. Nf3 {[%clk 1:31:49]} b6 {[%clk 1:31:18]} 4. a3
{[%clk 1:32:14]} Bb7 {[%clk 1:31:21]} 5. Nc3 {[%clk 1:32:39]} d5 {[%clk 1:31:26]}
6. cxd5 {[%clk 1:33:02]} Nxd5 {[%clk 1:31:40]} 7. Qc2 {[%clk 1:33:15]} Nxc3
{[%clk 1:31:21]} 8. bxc3 {[%clk 1:33:39]} c5 {[%clk 1:31:17]} 9. e4
{[%clk 1:33:44]} Nd7 {[%clk 1:31:11]} 10. Bd3 {[%clk 1:33:41]} Qc7
{[%clk 1:30:52]} 11. O-O {[%clk 1:32:01]} cxd4 {[%clk 1:28:23]} 12. cxd4
{[%clk 1:32:21]} Qxc2 {[%clk 1:28:36]} 13. Bxc2 {[%clk 1:32:44]} Be7
{[%clk 1:22:13]} 14. a4 {[%clk 1:23:17]} O-O {[%clk 1:21:17]} 15. Ba3
{[%clk 1:23:10]} Rfc8 {[%clk 1:20:35]} 16. Bb1 {[%clk 1:18:43]} Bxa3
{[%clk 1:20:48]} 17. Rxa3 {[%clk 1:19:09]} Ba6 {[%clk 1:13:22]} 18. Re1
{[%clk 1:16:36]} Rab8 {[%clk 1:12:34]} 19. h3 {[%clk 1:16:00]} Kf8
{[%clk 1:11:28]} 20. e5 {[%clk 1:12:18]} Bb7 {[%clk 1:09:29]} 21. Nd2
{[%clk 1:09:04]} Ke7 {[%clk 1:04:47]} 22. Bd3 {[%clk 1:07:17]} Bd5
{[%clk 1:02:13]} 23. Ne4 {[%clk 1:05:22]} Bxe4 {[%clk 1:01:05]} 24. Bxe4
{[%clk 1:05:22]} Rc4 {[%clk 1:00:38]} 25. d5 {[%clk 1:04:53]} exd5
{[%clk 0:41:28]} 26. Bxd5 {[%clk 1:05:18]} Rd4 {[%clk 0:38:29]} 27. Bf3
{[%clk 0:59:56]} Nc5 {[%clk 0:36:20]} 28. a5 {[%clk 0:59:37]} b5 {[%clk 0:35:55]}
29. Rc3 {[%clk 0:59:20]} Ne6 {[%clk 0:36:06]} 30. Rc6 {[%clk 0:57:34]} b4
{[%clk 0:33:23]} 31. Rb1 {[%clk 0:55:13]} b3 {[%clk 0:32:06]} 32. Rb2
{[%clk 0:54:38]} Ra4 {[%clk 0:10:28]} 33. Ra6 {[%clk 0:54:27]} Nc5
{[%clk 0:08:39]} 34. Rxa7+ {[%clk 0:54:37]} Ke6 {[%clk 0:09:00]} 35. Kh2
{[%clk 0:46:56]} Ra2 {[%clk 0:08:06]} 36. Rb1 {[%clk 0:47:20]} b2
{[%clk 0:08:03]} 37. Bd1 {[%clk 0:46:42]} Ne4 {[%clk 0:05:41]} 38. a6
{[%clk 0:45:30]} Ra1 {[%clk 0:03:15]} 39. Rb7 {[%clk 0:42:04]} Rxb1
{[%clk 0:03:23]} 40. Bc2 {[%clk 1:07:32]} Rc1 {[%clk 0:30:32]} 41. Rxb8
{[%clk 1:00:05]} Rxc2 {[%clk 0:30:46]} 42. a7 {[%clk 1:00:15]} b1=Q
{[%clk 0:31:03]} 43. a8=Q {[%clk 0:59:41]} Qe1 {[%clk 0:30:52]} 44. Qb7
{[%clk 0:54:35]} Qxf2 {[%clk 0:17:20]} 45. Qxe4 {[%clk 0:53:29]} h5
{[%clk 0:15:07]} 46. Re8+ {[%clk 0:48:45]} Kd7 {[%clk 0:15:31]} 47. Rg8
{[%clk 0:47:28]} Rc5 {[%clk 0:14:17]} 48. Qd3+ {[%clk 0:46:26]} Kc6
{[%clk 0:13:35]} 49. Rc8+ {[%clk 0:46:19]} Kb6 {[%clk 0:12:57]} 50. Qb3+
{[%clk 0:46:38]} Ka7 {[%clk 0:12:51]} 51. Qa3+ {[%clk 0:46:57]} 1-0

[Event "World Chess Olympiad 2018"]
[Site "Batumi"]
[Date "2018.10.02"]
[Round "8"]
[Board "4"]
[WhiteFideId "2300699"]
[White "Gretarsson Helgi Ass"]
[BlackFideId "13801856"]
[Black "Sezdbekov Ruslan"]
[Result "1-0"]
[LiveChessVersion "1.4.8"]
[BlackElo "2160"]
[WhiteElo "2448"]

1. d4 {[%clk 1:30:57]} Nf6 {[%clk 1:30:56]} 2. c4 {[%clk 1:31:21]} e6
{[%clk 1:31:21]} 3. Nf3 {[%clk 1:31:17]} b6 {[%clk 1:31:21]} 4. e3
{[%clk 1:26:19]} Bb7 {[%clk 1:31:10]} 5. Bd3 {[%clk 1:26:38]} Bb4+
{[%clk 1:30:19]} 6. Nbd2 {[%clk 1:24:27]} O-O {[%clk 1:29:13]} 7. O-O
{[%clk 1:24:43]} Bxd2 {[%clk 1:28:48]} 8. Bxd2 {[%clk 1:11:31]} d6
{[%clk 1:26:34]} 9. b4 {[%clk 0:54:30]} Nbd7 {[%clk 1:26:24]} 10. Qc2
{[%clk 0:52:21]} c5 {[%clk 1:22:45]} 11. Be2 {[%clk 0:49:18]} Qc7
{[%clk 1:17:01]} 12. Rfd1 {[%clk 0:48:01]} Rac8 {[%clk 1:12:46]} 13. Qb2
{[%clk 0:44:03]} Ne4 {[%clk 1:11:31]} 14. Be1 {[%clk 0:44:25]} Ndf6
{[%clk 1:07:06]} 15. h3 {[%clk 0:32:46]} Rfd8 {[%clk 1:05:31]} 16. Rab1
{[%clk 0:28:39]} h6 {[%clk 0:57:26]} 17. Qa3 {[%clk 0:20:00]} Ba8
{[%clk 0:53:11]} 18. Nh2 {[%clk 0:19:16]} d5 {[%clk 0:50:04]} 19. bxc5
{[%clk 0:18:56]} dxc4 {[%clk 0:48:57]} 20. Bxc4 {[%clk 0:19:08]} bxc5
{[%clk 0:33:56]} 21. Ba5 {[%clk 0:19:22]} Qc6 {[%clk 0:32:30]} 22. Bb5
{[%clk 0:19:37]} Qd5 {[%clk 0:27:38]} 23. f3 {[%clk 0:17:41]} Ng5
{[%clk 0:24:55]} 24. Bxd8 {[%clk 0:11:08]} Qxd8 {[%clk 0:19:17]} 25. dxc5
{[%clk 0:08:32]} Qc7 {[%clk 0:18:23]} 26. Rd6 {[%clk 0:04:48]} h5
{[%clk 0:18:07]} 27. h4 {[%clk 0:04:52]} Ngh7 {[%clk 0:18:35]} 28. Ba6
{[%clk 0:04:12]} Re8 {[%clk 0:17:31]} 29. e4 {[%clk 0:02:56]} Nf8
{[%clk 0:17:52]} 30. c6 {[%clk 0:01:44]} Ng6 {[%clk 0:17:40]} 31. Bb7
{[%clk 0:01:47]} Rb8 {[%clk 0:17:39]} 32. Rdd1 {[%clk 0:00:51]} Bxb7
{[%clk 0:17:37]} 33. Qd6 {[%clk 0:01:04]} Qxd6 {[%clk 0:11:19]} 34. Rxd6
{[%clk 0:01:32]} Ne8 {[%clk 0:11:42]} 35. Rd2 {[%clk 0:00:56]} Ne5
{[%clk 0:11:25]} 36. Rxb7 {[%clk 0:00:43]} Rc8 {[%clk 0:11:44]} 37. c7
{[%clk 0:00:41]} Rxc7 {[%clk 0:11:54]} 38. Rxc7 {[%clk 0:00:56]} Nxc7
{[%clk 0:12:19]} 39. Rd8+ {[%clk 0:01:18]} Kh7 {[%clk 0:12:43]} 40. f4
{[%clk 0:31:41]} Ng6 {[%clk 0:43:05]} 41. g3 {[%clk 0:31:51]} Nb5
{[%clk 0:43:30]} 42. Nf3 {[%clk 0:31:51]} f6 {[%clk 0:43:56]} 43. Rd3
{[%clk 0:19:16]} Nf8 {[%clk 0:43:47]} 44. a4 {[%clk 0:18:55]} Nc7
{[%clk 0:44:14]} 45. Rd8 {[%clk 0:19:18]} Kg8 {[%clk 0:44:37]} 46. Rc8
{[%clk 0:19:31]} Na6 {[%clk 0:45:05]} 47. Nd4 {[%clk 0:18:53]} Kf7
{[%clk 0:45:32]} 48. Rc6 {[%clk 0:18:36]} Nb4 {[%clk 0:38:06]} 49. Rc7+
{[%clk 0:18:55]} 1-0

[Event "World Chess Olympiad 2018"]
[Site "Batumi"]
[Date "2018.10.02"]
[Round "8"]
[Board "1"]
[WhiteFideId "9912053"]
[White "Thilakarathne G M H"]
[BlackFideId "3600017"]
[Black "Matamoros Franco Carlos S."]
[Result "1/2-1/2"]
[LiveChessVersion "1.4.8"]
[BlackElo "2494"]
[WhiteElo "2238"]

1. e4 {[%clk 1:30:56]} c6 {[%clk 1:30:46]} 2. d4 {[%clk 1:31:19]} d5
{[%clk 1:31:10]} 3. e5 {[%clk 1:31:43]} c5 {[%clk 1:31:27]} 4. dxc5
{[%clk 1:32:06]} e6 {[%clk 1:31:42]} 5. a3 {[%clk 1:32:01]} Nc6 {[%clk 1:31:13]}
6. Nf3 {[%clk 1:31:41]} Bxc5 {[%clk 1:31:26]} 7. b4 {[%clk 1:31:09]} Bb6
{[%clk 1:31:18]} 8. Bd3 {[%clk 1:28:59]} Nge7 {[%clk 1:31:20]} 9. O-O
{[%clk 1:28:53]} Ng6 {[%clk 1:31:19]} 10. Bb2 {[%clk 1:28:26]} Nf4
{[%clk 1:30:30]} 11. c4 {[%clk 1:28:19]} O-O {[%clk 1:30:00]} 12. c5
{[%clk 1:18:02]} Bc7 {[%clk 1:30:13]} 13. Re1 {[%clk 1:16:54]} f6
{[%clk 1:24:32]} 14. exf6 {[%clk 0:51:41]} e5 {[%clk 1:22:41]} 15. b5
{[%clk 0:29:14]} Qxf6 {[%clk 0:44:16]} 16. bxc6 {[%clk 0:26:11]} Bg4
{[%clk 0:33:30]} 17. cxb7 {[%clk 0:14:34]} Rae8 {[%clk 0:05:44]} 18. Be2
{[%clk 0:11:17]} Qh6 {[%clk 0:03:34]} 19. Nc3 {[%clk 0:07:49]} e4
{[%clk 0:03:13]} 20. Nxd5 {[%clk 0:04:18]} Bxf3 {[%clk 0:00:40]} 21. Nxc7
{[%clk 0:03:48]} Nh3+ {[%clk 0:01:09]} 22. Kf1 {[%clk 0:04:02]} Bxg2+
{[%clk 0:00:53]} 23. Kxg2 {[%clk 0:04:27]} Rxf2+ {[%clk 0:00:54]} 24. Kh1
{[%clk 0:04:53]} Rxh2+ {[%clk 0:00:41]} 25. Kxh2 {[%clk 0:05:16]} Nf2+
{[%clk 0:00:51]} 26. Kg2 {[%clk 0:03:54]} Qh3+ {[%clk 0:00:46]} 27. Kxf2
{[%clk 0:03:57]} Rf8+ {[%clk 0:01:09]} 28. Kg1 {[%clk 0:03:38]} Qg3+
{[%clk 0:01:38]} 29. Kh1 {[%clk 0:04:03]} Qh3+ {[%clk 0:02:04]} 30. Kg1
{[%clk 0:04:29]} Qg3+ {[%clk 0:02:30]} 1/2-1/2